Tallinn Bus Stops (TLT) #3 (32-55) - Statistics

General Stats
  • This quiz has been taken 3 times
  • The average score is 149 of 500
Answer Stats
Hint Answer % Correct
43 (Bus) Balti jaam
67%
42 (Bus) | 46 (Bus) | 54 (Bus) Estonia
67%
37 (Bus) | 41 (Bus) | 41B (Bus) | +3 others Haabersti
67%
41 (Bus) | 41B (Bus) | 42 (Bus) | 47 (Bus) Hipodroom
67%
40 (Bus) | 41 (Bus) | 41B (Bus) Hotell Tallinn
67%
41 (Bus) | 41B (Bus) | 42 (Bus) | +2 others Humala
67%
41B (Bus) Kakumäe
67%
40 (Bus) | 48 (Bus) Kari
67%
42 (Bus) | 43 (Bus) | 46 (Bus) | 47 (Bus) Karikakra
67%
42 (Bus) Kaubamaja
67%
46 (Bus) | 55 (Bus) Kivisilla
67%
42 (Bus) | 48 (Bus) Koidu
67%
42 (Bus) | 43 (Bus) | 45 (Bus) | +2 others Kullerkupu
67%
41 (Bus) | 41B (Bus) Landi
67%
33 (Bus) | 41 (Bus) | 41B (Bus) | 43 (Bus) Lille
67%
34 (Bus) | 38 (Bus) Lillepaviljon
67%
41 (Bus) | 41B (Bus) | 42 (Bus) | 43 (Bus) Looga
67%
33 (Bus) | 36 (Bus) | 37 (Bus) | 45 (Bus) Männi
67%
32 (Bus) | 33 (Bus) Männiku
67%
33 (Bus) Metsa
67%
42 (Bus) Mooni
67%
41 (Bus) | 41B (Bus) | 42 (Bus) | 43 (Bus) Mustjõe
67%
33 (Bus) Nurme
67%
42 (Bus) | 43 (Bus) | 45 (Bus) | +2 others Nurmenuku
67%
54 (Bus) | 55 (Bus) Pae
67%
34 (Bus) | 38 (Bus) Pirita
67%
41 (Bus) | 41B (Bus) | 42 (Bus) | 43 (Bus) Pirni
67%
34 (Bus) | 38 (Bus) | 44 (Bus) | 51 (Bus) Pronksi
67%
34 (Bus) | 35 (Bus) | 38 (Bus) | +2 others Reidi tee
67%
42 (Bus) | 43 (Bus) | 46 (Bus) | 47 (Bus) Sinilille
67%
32 (Bus) | 42 (Bus) | 47 (Bus) | 48 (Bus) Taksopark
67%
43 (Bus) Tehnika
67%
40 (Bus) | 41 (Bus) | 41B (Bus) | +2 others Tõnismägi
67%
36 (Bus) | 40 (Bus) | 41 (Bus) | +4 others Vabaduse väljak
67%
36 (Bus) | 42 (Bus) | 43 (Bus) | +3 others Väike-Õismäe
67%
36 (Bus) | 42 (Bus) | 43 (Bus) | +3 others Väike-Õismäe parkla
67%
37 (Bus) | 41 (Bus) | 41B (Bus) | +2 others Zoo
67%
32 (Bus) | 33 (Bus) | 48 (Bus) Ädala
33%
37 (Bus) | 45 (Bus) Autobussikoondis
33%
41 (Bus) | 41B (Bus) Balti jaam 6
33%
39 (Bus) | 47 (Bus) | 54 (Bus) Bussijaam
33%
32 (Bus) | 33 (Bus) | 40 (Bus) | 48 (Bus) Ehte
33%
33 (Bus) Forelli
33%
32 (Bus) | 36 (Bus) Hallivanamehe
33%
40 (Bus) Härjapea
33%
33 (Bus) Hiiu
33%
33 (Bus) Hiiu jaam
33%
38 (Bus) | 44 (Bus) | 55 (Bus) Hobujaama
33%
39 (Bus) | 47 (Bus) | 54 (Bus) Hotell Olümpia
33%
33 (Bus) Joostimägi
33%
36 (Bus) Kadaka
33%
33 (Bus) Kadaka Selver
33%
34 (Bus) | 38 (Bus) | 49 (Bus) Kalmuse tee
33%
51 (Bus) Kärberi
33%
45 (Bus) | 49 (Bus) Kaubajaama
33%
32 (Bus) | 33 (Bus) Kauge
33%
37 (Bus) Keemia
33%
40 (Bus) | 41 (Bus) | 41B (Bus) | 43 (Bus) Kelmiküla
33%
32 (Bus) Kerese
33%
39 (Bus) Keskturg
33%
32 (Bus) | 39 (Bus) Kitseküla
33%
34 (Bus) | 38 (Bus) | 49 (Bus) Kloostrimetsa
33%
34 (Bus) | 35 (Bus) | 38 (Bus) | +2 others Koidula
33%
32 (Bus) | 33 (Bus) | 40 (Bus) | 48 (Bus) Kolde puiestee
33%
32 (Bus) Kopli
33%
36 (Bus) Kosmos
33%
44 (Bus) Kreutzwaldi
33%
54 (Bus) Kurina
33%
54 (Bus) Kuristiku
33%
35 (Bus) | 50 (Bus) | 55 (Bus) Kuuli
33%
33 (Bus) Laki
33%
35 (Bus) | 39 (Bus) | 44 (Bus) | 51 (Bus) Lasnamägi
33%
34 (Bus) | 38 (Bus) Lauluväljak
33%
49 (Bus) Lennujaam
33%
35 (Bus) | 39 (Bus) Liikuri
33%
32 (Bus) Liiva jaam
33%
39 (Bus) | 47 (Bus) Liivalaia
33%
32 (Bus) Lilleküla jaam
33%
41 (Bus) | 41B (Bus) Linnahall
33%
32 (Bus) | 33 (Bus) Lõime
33%
33 (Bus) Löwenruh
33%
34 (Bus) | 38 (Bus) Maarjamägi
33%
32 (Bus) | 33 (Bus) Madala
33%
35 (Bus) | 50 (Bus) Mahtra
33%
40 (Bus) Maisi
33%
39 (Bus) | 55 (Bus) Majaka
33%
50 (Bus) Majaka põik
33%
32 (Bus) | 33 (Bus) Maleva
33%
32 (Bus) Marati
33%
33 (Bus) Marja
33%
37 (Bus) | 45 (Bus) Meistri
33%
41 (Bus) | 41B (Bus) Mere puiestee
33%
34 (Bus) | 38 (Bus) | 49 (Bus) Metsakalmistu
33%
37 (Bus) Mustamäe
33%
38 (Bus) Muuga
33%
34 (Bus) Muuga aedlinn
33%
32 (Bus) | 33 (Bus) | 40 (Bus) | 48 (Bus) Nisu
33%
33 (Bus) | 36 (Bus) | 45 (Bus) Nõmme
33%
39 (Bus) Õilme
33%
35 (Bus) | 44 (Bus) | 51 (Bus) Oru
33%
34 (Bus) Õunapuu puiestee
33%
50 (Bus) Paekaare
33%
34 (Bus) | 38 (Bus) | 49 (Bus) Pärnamäe tee
33%
40 (Bus) Pelgulinn
33%
32 (Bus) | 33 (Bus) Pihlaka
33%
35 (Bus) | 44 (Bus) | 50 (Bus) | +2 others Pinna
33%
34 (Bus) | 35 (Bus) | 38 (Bus) | +2 others Poska
33%
51 (Bus) Priisle
33%
47 (Bus) | 54 (Bus) Püssirohu
33%
40 (Bus) | 48 (Bus) Randla
33%
33 (Bus) Raudtee
33%
32 (Bus) | 36 (Bus) | 45 (Bus) Risti
33%
41 (Bus) | 41B (Bus) | 43 (Bus) Ristiku
33%
35 (Bus) | 50 (Bus) Seli
33%
32 (Bus) Sepa
33%
55 (Bus) Sikupilli
33%
32 (Bus) Sirbi
33%
54 (Bus) Smuuli
33%
49 (Bus) Smuuli tee
33%
32 (Bus) | 33 (Bus) | 48 (Bus) Sõle
33%
49 (Bus) Supluse puiestee
33%
33 (Bus) | 36 (Bus) | 45 (Bus) Tehnikaülikool
33%
34 (Bus) | 38 (Bus) | 49 (Bus) Teletorn
33%
43 (Bus) Toompark
33%
32 (Bus) | 48 (Bus) Ülase
33%
45 (Bus) | 49 (Bus) Ülemiste jaam
33%
49 (Bus) | 54 (Bus) Ussimäe tee
33%
33 (Bus) Välja
33%
32 (Bus) Vana-Lõuna
33%
32 (Bus) Värava
33%
39 (Bus) Varre
33%
39 (Bus) Veerenni
33%
49 (Bus) Viimsi keskus 2
33%
33 (Bus) | 36 (Bus) | 37 (Bus) | 45 (Bus) Vilde tee
33%
36 (Bus) Vineeri
33%
32 (Bus) Virmalise
33%
36 (Bus) | 40 (Bus) | 41 (Bus) | +2 others Viru
33%
35 (Bus) Viru keskus 2
33%
40 (Bus) | 48 (Bus) Viru keskus 3
33%
44 (Bus) | 51 (Bus) Viru keskus 4
33%
34 (Bus) Viru keskus 5
33%
38 (Bus) Viru keskus 6
33%
33 (Bus) Võsu
33%
38 (Bus) Aiaotsa
0%
49 (Bus) Aia tee
0%
38 (Bus) Äigrumäe
0%
36 (Bus) Akadeemia tee
0%
41 (Bus) | 41B (Bus) Alemaa
0%
33 (Bus) Astri
0%
39 (Bus) Asunduse
0%
55 (Bus) Betooni
0%
55 (Bus) Betooni põik
0%
45 (Bus) | 49 (Bus) Dvigatel
0%
45 (Bus) Filtri tee
0%
55 (Bus) Gaasi
0%
55 (Bus) Gonsiori
0%
41 (Bus) | 41B (Bus) Haabersti ring
0%
38 (Bus) Hansunõmme
0%
34 (Bus) Hiireherne tee
0%
39 (Bus) Hundikuristiku
0%
49 (Bus) Iru
0%
32 (Bus) | 36 (Bus) | 45 (Bus) Järve
0%
36 (Bus) Järveotsa kool
0%
36 (Bus) Järveotsa tee
0%
45 (Bus) Järvevana
0%
54 (Bus) | 55 (Bus) Jüriöö park
0%
34 (Bus) Käära
0%
33 (Bus) Kaare
0%
49 (Bus) Kaasiku
0%
36 (Bus) Kaja
0%
41 (Bus) | 41B (Bus) Kakumäe tee
0%
32 (Bus) | 36 (Bus) Kalev
0%
35 (Bus) | 49 (Bus) Kalevipoja
0%
32 (Bus) Karusmarja
0%
37 (Bus) Kesk-Mustamäe
0%
49 (Bus) Kesk-Sõjamäe
0%
50 (Bus) Kiive
0%
36 (Bus) | 45 (Bus) Kirde
0%
34 (Bus) Kirsipuu puiestee
0%
49 (Bus) | 51 (Bus) | 54 (Bus) Kiviku
0%
38 (Bus) Kõlviku tee
0%
49 (Bus) Kotka kauplus
0%
33 (Bus) Kraavi
0%
39 (Bus) Kumu
0%
36 (Bus) | 45 (Bus) Kurni
0%
49 (Bus) Laagna
0%
34 (Bus) | 49 (Bus) Laiaküla
0%
35 (Bus) | 55 (Bus) Lasnamäe turg
0%
55 (Bus) Laulupeo
0%
37 (Bus) Lehola
0%
51 (Bus) Lendtähe
0%
37 (Bus) Lepistiku
0%
38 (Bus) Liilia tee
0%
34 (Bus) | 38 (Bus) Lillepi
0%
49 (Bus) Lindakivi
0%
54 (Bus) Linnamäe tee
0%
44 (Bus) | 51 (Bus) Loitsu
0%
49 (Bus) Lõõtsa
0%
38 (Bus) Mähe aedlinn
0%
49 (Bus) Mähe tee
0%
34 (Bus) | 38 (Bus) Mälestusvälja
0%
49 (Bus) Merivälja
0%
38 (Bus) Metsakasti
0%
49 (Bus) Mõisapargi
0%
49 (Bus) | 51 (Bus) | 54 (Bus) Mustakivi
0%
37 (Bus) Mustamäe tee
0%
49 (Bus) Orto
0%
35 (Bus) | 50 (Bus) Osmussaare
0%
50 (Bus) Paala
0%
37 (Bus) Päevalille
0%
39 (Bus) Pallasti
0%
55 (Bus) Paneeli
0%
41 (Bus) | 41B (Bus) Pikaliiva
0%
55 (Bus) Pikamägi
0%
35 (Bus) | 44 (Bus) | 50 (Bus) | +2 others Pikri
0%
36 (Bus) Pöörise
0%
49 (Bus) | 54 (Bus) Priisle (Kärberi tänav)
0%
54 (Bus) Priisle kauplus
0%
49 (Bus) | 54 (Bus) Priisle (Laagna tee)
0%
50 (Bus) Punane
0%
35 (Bus) | 50 (Bus) Raadiku
0%
50 (Bus) Raadikusilla
0%
36 (Bus) | 45 (Bus) Rahumäe
0%
41 (Bus) | 41B (Bus) Räime
0%
37 (Bus) Raja
0%
49 (Bus) Randvere tee
0%
49 (Bus) | 54 (Bus) Rauna
0%
37 (Bus) Rebasemägi
0%
49 (Bus) Reidumägi
0%
51 (Bus) Reinu
0%
45 (Bus) Renniotsa
0%
34 (Bus) Ristaia
0%
36 (Bus) | 45 (Bus) Roheline
0%
34 (Bus) | 38 (Bus) Rummu
0%
34 (Bus) | 38 (Bus) Rummukõrtsi
0%
49 (Bus) Ruunaoja
0%
49 (Bus) | 54 (Bus) Sabatähe
0%
54 (Bus) Silde
0%
37 (Bus) Sipelga
0%
41 (Bus) | 41B (Bus) Sõba
0%
49 (Bus) | 54 (Bus) Sõjamäe raba
0%
41B (Bus) Soolahe tee
0%
41B (Bus) Sooranna tee
0%
54 (Bus) Sossimägi
0%
55 (Bus) Sõstramäe
0%
54 (Bus) | 55 (Bus) Suur-Paala
0%
49 (Bus) Suur-Sõjamäe
0%
37 (Bus) Szolnok
0%
49 (Bus) | 54 (Bus) Taevakivi
0%
51 (Bus) Tähesaju tee
0%
32 (Bus) Tallinn-Vaike
0%
36 (Bus) Tallinn-Väike
0%
37 (Bus) Tammsaare tee
0%
41B (Bus) Teeotsa
0%
49 (Bus) Tondi mägi
0%
41 (Bus) | 41B (Bus) Tõnu
0%
49 (Bus) Tubaka
0%
41 (Bus) | 41B (Bus) Tuleraua
0%
49 (Bus) Tuule tee
0%
35 (Bus) | 50 (Bus) Ümera
0%
39 (Bus) Uuslinn
0%
54 (Bus) | 55 (Bus) Väike-Paala
0%
33 (Bus) Valdeku
0%
49 (Bus) Valukoja
0%
44 (Bus) | 51 (Bus) Vana-Kuuli
0%
44 (Bus) | 54 (Bus) Varraku
0%
38 (Bus) Vesiniidu
0%
49 (Bus) | 55 (Bus) Vesse
0%
54 (Bus) Vesse parkla
0%
44 (Bus) | 51 (Bus) Virbi
0%
41 (Bus) | 41B (Bus) Vismeistri
0%
No matching quizzes found
Score Distribution
Percent of People with Each Score
Percentile by Number Answered
Your Score History
You have not taken this quiz